Night of the full moon / (Record no. 7307)

MARC details
000 -LEADER
fixed length control field 01126nam a22003137a 4500
001 - CONTROL NUMBER
control field 7307
003 - CONTROL NUMBER IDENTIFIER
control field FISKH
005 - DATE AND TIME OF LATEST TRANSACTION
control field 20250709091315.0
008 - FIXED-LENGTH DATA ELEMENTS--GENERAL INFORMATION
fixed length control field 250709b cb ||||| |||| 00| 0 eng d
020 ## - INTERNATIONAL STANDARD BOOK NUMBER
International Standard Book Number 9780679872764
040 ## - CATALOGING SOURCE
Original cataloging agency FISKH
Language of cataloging eng
Transcribing agency FISKH
Modifying agency FISKH
050 ## - LIBRARY OF CONGRESS CALL NUMBER
Classification number PZ7.W5718 N
082 ## - DEWEY DECIMAL CLASSIFICATION NUMBER
Classification number 813.5
100 ## - MAIN ENTRY--PERSONAL NAME
Personal name Whelan, Gloria
Dates associated with a name (1923-)
245 ## - TITLE STATEMENT
Title Night of the full moon /
Statement of responsibility, etc. By Gloria Whelan ; Illustrated by Leslie Bowman ; Cover illustration by Tony Meers
250 ## - EDITION STATEMENT
Edition statement This edition first published in 1993
260 ## - PUBLICATION, DISTRIBUTION, ETC.
Place of publication, distribution, etc. Toronto :
Name of publisher, distributor, etc. Random House,
Date of publication, distribution, etc. 1993
300 ## - PHYSICAL DESCRIPTION
Extent 63 pages :
Other physical details illustrations ;
Dimensions 20 cm
490 ## - SERIES STATEMENT
Series statement A stepping stone book
505 ## - FORMATTED CONTENTS NOTE
Formatted contents note R<br/>
520 ## - SUMMARY, ETC.
Summary, etc. In 1840, Libby, living with her family on the Michigan frontier, finds herself inadvertently caught up in the forced evacuation of a group of Potawatomi Indians from their tribal lands.<br/>
521 8# - TARGET AUDIENCE NOTE
Target audience note 660<br/>
Source Lexile<br/>
521 8# - TARGET AUDIENCE NOTE
Target audience note R<br/>
Source Raz-Plus<br/>
650 ## - SUBJECT ADDED ENTRY--TOPICAL TERM
Source of heading or term Michigan
Topical term or geographic name entry element Native Americans
650 ## - SUBJECT ADDED ENTRY--TOPICAL TERM
Source of heading or term Potawatomi Indians
Topical term or geographic name entry element Indian Displacement
700 ## - ADDED ENTRY--PERSONAL NAME
Personal name Bowman, Leslie
Dates associated with a name illustrator
942 ## - ADDED ENTRY ELEMENTS (KOHA)
Source of classification or shelving scheme Dewey Decimal Classification
Koha item type Books
Suppress in OPAC No
Holdings
Withdrawn status Lost status Source of classification or shelving scheme Damaged status Not for loan Collection Home library Current library Shelving location Date acquired Total Checkouts Full call number Barcode Date last seen Copy number Price effective from Koha item type
    Dewey Decimal Classification     Juvenile Fiction Footprints International School Library Network Toul Tom Poung Campus Footprints International School Library Network Toul Tom Poung Campus TTP Primary Orange Bookshelves 07/09/2025   WHE 813.5 PZ7.W5718 N 2025-1775 07/09/2025 1 07/09/2025 Books